| 000 | 00518cam a2200205ua 4500 | ||
|---|---|---|---|
| 020 | _c5.00 | ||
| 041 |
_aeng _h |
||
| 082 |
_a530 _bRAM/TE |
||
| 100 | _aRamamoorthy, S . | ||
| 245 |
_aText book of modern physics / _cS Ramamoorthy. _hTextual Documents |
||
| 250 |
_a3 / _b. |
||
| 260 |
_aChennai : _bThe National Publishing Co , _c1965. |
||
| 300 | _a334 ; . | ||
| 365 | _a5.00 | ||
| 504 | _a | ||
| 700 | 1 | _aKrishnamoorthy, K S . | |
| 700 | 1 | _aRajagopalan, P R . | |
| 942 | _cBK | ||
| 999 |
_c7406 _d7406 |
||